[Event "NB II. Erkel csoport"]
[Site "Fot"]
[Date "2024.04.21"]
[Round "8.2"]
[White "Bravin, Alexey"]
[Black "Huszar, Mark"]
[Result "1/2-1/2"]
[WhiteElo "2049"]
[BlackElo "2084"]
[PlyCount "85"]
[EventDate "2023.10.08"]
[EventType "team-tourn"]
[EventRounds "9"]
[EventCountry "HUN"]
[Source "chess.hu"]
[WhiteTeam "Fot SE-LearningChess"]
[BlackTeam "Egri Bolyky BastyaSE"]
[WhiteTeamCountry "HUN"]
[BlackTeamCountry "HUN"]

1. e4 e5 2. Nf3 Nc6 3. Bb5 a6 4. Ba4 Nf6 5. O-O Be7 6. Re1 b5 7. Bb3 d6 8. h3
O-O 9. c3 Na5 10. Bc2 c5 11. d4 Nd7 12. d5 Nb6 13. Nbd2 f5 14. exf5 Bxf5 15.
Bxf5 Rxf5 16. Ne4 Qd7 17. g4 Rf7 18. Nfg5 Bxg5 19. Nxg5 Rf6 20. Qd3 Rg6 21. Qe4
Qb7 22. Rd1 Rf8 23. b3 Qa8 24. Be3 Nd7 25. h4 Nf6 26. Qg2 h6 27. Ne4 Nxe4 28.
Qxe4 Rgf6 29. Kg2 Qc8 30. Rh1 Rf4 31. Bxf4 Qxg4+ 32. Kf1 Rxf4 33. Qe2 Qf5 34.
Rd1 e4 35. Ke1 Nb7 36. Rh2 Rf3 37. Rg2 e3 38. fxe3 Qe4 39. Rd3 c4 40. Rd4 Qb1+
41. Rd1 Qe4 42. Rd4 Qb1+ 43. Rd1 1/2-1/2

[Event "NB II. Erkel csoport"]
[Site "Fot"]
[Date "2024.04.21"]
[Round "8.3"]
[White "Vas, Vince"]
[Black "Gubics, Peter"]
[Result "0-1"]
[WhiteElo "1967"]
[BlackElo "1981"]
[PlyCount "82"]
[EventDate "2023.10.08"]
[EventType "team-tourn"]
[EventRounds "9"]
[EventCountry "HUN"]
[Source "chess.hu"]
[WhiteTeam "Egri Bolyky BastyaSE"]
[BlackTeam "Fot SE-LearningChess"]
[WhiteTeamCountry "HUN"]
[BlackTeamCountry "HUN"]

1. c4 Nf6 2. Nc3 d5 3. cxd5 Nxd5 4. e4 Nxc3 5. bxc3 g6 6. Nf3 Bg7 7. Ba3 O-O 8.
d4 Nd7 9. Be2 c5 10. O-O Qc7 11. Qd3 b6 12. Nd2 Bb7 13. Bf3 Rac8 14. Rac1 Bh6
15. Rcd1 cxd4 16. cxd4 Qc2 17. Nb3 Qxd3 18. Rxd3 Ba6 19. Rfd1 Bxd3 20. Rxd3
Rfe8 21. Bg4 e6 22. Bd6 Bf8 23. Bf4 Bg7 24. Bd6 a5 25. f4 Rc4 26. e5 Bf8 27.
Bxf8 Kxf8 28. Bd1 Rec8 29. Kf2 Rc3 30. Ke3 a4 31. Nd2 b5 32. Ne4 Rxd3+ 33. Kxd3
Nb6 34. Nd6 Rc1 35. Kd2 Ra1 36. Nxb5 Rxa2+ 37. Bc2 Nd5 38. Nc3 Nxc3 39. Kxc3
Ke7 40. Be4 Rf2 41. Bc6 a3 0-1

[Event "NB II. Erkel csoport"]
[Site "Fot"]
[Date "2024.04.21"]
[Round "8.4"]
[White "Dancs, Zsolt"]
[Black "Huszar, Lorant"]
[Result "0-1"]
[WhiteElo "2061"]
[BlackElo "1969"]
[PlyCount "94"]
[EventDate "2023.10.08"]
[EventType "team-tourn"]
[EventRounds "9"]
[EventCountry "HUN"]
[Source "chess.hu"]
[WhiteTeam "Fot SE-LearningChess"]
[BlackTeam "Egri Bolyky BastyaSE"]
[WhiteTeamCountry "HUN"]
[BlackTeamCountry "HUN"]

1. e4 e5 2. d4 exd4 3. c3 d5 4. Qxd4 dxe4 5. Qxe4+ Qe7 6. Qxe7+ Nxe7 7. Nf3 Be6
8. Bf4 Nd5 9. Bg3 Nd7 10. Nd4 O-O-O 11. Be2 Re8 12. O-O Bc5 13. Nxe6 Rxe6 14.
Bf3 N7f6 15. Nd2 Bd6 16. Nb3 Bxg3 17. hxg3 Rhe8 18. Rad1 c6 19. c4 Nb6 20. Nd4
Re5 21. b3 g6 22. a4 a5 23. Bxc6 bxc6 24. Nxc6 Re2 25. Nxa5 Kc7 26. c5 Nbd7 27.
Rd6 R8e6 28. Rxe6 Rxe6 29. b4 Nd5 30. c6 N7b6 31. b5 Nxa4 32. Rd1 Nac3 33. Rd3
Re1+ 34. Kh2 Rd1 35. Rf3 f6 36. g4 Nxb5 37. Rh3 Kb6 38. Nc4+ Kxc6 39. Rxh7 Rd4
40. Na5+ Kb6 41. Nb7 Rxg4 42. Nd8 Kc5 43. f3 Ra4 44. Ne6+ Kd6 45. Nf8 g5 46.
Rd7+ Kc6 47. Rf7 Nd6 0-1

[Event "NB II. Erkel csoport"]
[Site "Fot"]
[Date "2024.04.21"]
[Round "8.5"]
[White "Kovacs, Daniel"]
[Black "Piroska, Istvan"]
[Result "1-0"]
[WhiteElo "1997"]
[BlackElo "1968"]
[PlyCount "61"]
[EventDate "2023.10.08"]
[EventType "team-tourn"]
[EventRounds "9"]
[EventCountry "HUN"]
[Source "chess.hu"]
[WhiteTeam "Egri Bolyky BastyaSE"]
[BlackTeam "Fot SE-LearningChess"]
[WhiteTeamCountry "HUN"]
[BlackTeamCountry "HUN"]

1. e4 e5 2. Nf3 Nc6 3. Bc4 Bc5 4. d3 Nf6 5. O-O d6 6. h3 Be6 7. Bb3 h6 8. Be3
Bxe3 9. fxe3 Qd7 10. Nc3 O-O-O 11. d4 exd4 12. exd4 d5 13. e5 Ne4 14. Qe1 Ng5
15. Ba4 Rhf8 16. Qe3 f6 17. b4 Kb8 18. Rae1 Rfe8 19. Nxg5 fxg5 20. Ne2 Bg8 21.
Qc3 Re6 22. b5 Ne7 23. b6 c6 24. bxa7+ Ka8 25. Qa5 Ng6 26. Nc1 Ree8 27. Nd3 Rf8
28. Nc5 Qe7 29. Qb6 Nf4 30. Bxc6 Ne2+ 31. Kh2 1-0

[Event "NB II. Erkel csoport"]
[Site "Fot"]
[Date "2024.04.21"]
[Round "8.6"]
[White "Meszaros, Matyas"]
[Black "Domany, Mihaly"]
[Result "1/2-1/2"]
[WhiteElo "2020"]
[BlackElo "2039"]
[PlyCount "25"]
[EventDate "2023.10.08"]
[EventType "team-tourn"]
[EventRounds "9"]
[EventCountry "HUN"]
[Source "chess.hu"]
[WhiteTeam "Fot SE-LearningChess"]
[BlackTeam "Egri Bolyky BastyaSE"]
[WhiteTeamCountry "HUN"]
[BlackTeamCountry "HUN"]

1. d4 f5 2. c4 Nf6 3. Nc3 g6 4. g3 Bg7 5. Bg2 d6 6. Nf3 O-O 7. O-O Nc6 8. d5
Ne5 9. Nxe5 dxe5 10. b3 e4 11. Bb2 e6 12. dxe6 Bxe6 13. Qxd8 1/2-1/2

[Event "NB II. Erkel csoport"]
[Site "Fot"]
[Date "2024.04.21"]
[Round "8.7"]
[White "Vajda, Albert Sr"]
[Black "Pallagi, Janos"]
[Result "1/2-1/2"]
[WhiteElo "2043"]
[BlackElo "1988"]
[PlyCount "66"]
[EventDate "2023.10.08"]
[EventType "team-tourn"]
[EventRounds "9"]
[EventCountry "HUN"]
[Source "chess.hu"]
[WhiteTeam "Egri Bolyky BastyaSE"]
[BlackTeam "Fot SE-LearningChess"]
[WhiteTeamCountry "HUN"]
[BlackTeamCountry "HUN"]

1. e4 e5 2. Nf3 Nf6 3. d4 Nxe4 4. Nxe5 d5 5. Bd3 Nf6 6. O-O Be7 7. c4 c6 8. Nc3
Be6 9. c5 Nfd7 10. Bf4 Nxe5 11. Bxe5 Nd7 12. Bg3 O-O 13. Re1 Nf6 14. Qc2 h6 15.
Rad1 Nh5 16. Be5 Re8 17. Qe2 Nf6 18. Bc2 Qd7 19. Qd3 g6 20. h3 Bf5 21. Qd2 Bxc2
22. Qxc2 Kh7 23. Re3 Ng8 24. Rf3 Rf8 25. Ne2 Rae8 26. Rdd3 f6 27. Bh2 f5 28.
Be5 Bf6 29. Bd6 Be7 30. Bf4 Nf6 31. Rfe3 Bd8 32. Be5 Bc7 33. Bxc7 Qxc7 1/2-1/2

[Event "NB II. Erkel csoport"]
[Site "Fot"]
[Date "2024.04.21"]
[Round "8.8"]
[White "Mester, Attila"]
[Black "Botos, Krisztian"]
[Result "0-1"]
[WhiteElo "1974"]
[BlackElo "1952"]
[PlyCount "98"]
[EventDate "2023.10.08"]
[EventType "team-tourn"]
[EventRounds "9"]
[EventCountry "HUN"]
[Source "chess.hu"]
[WhiteTeam "Fot SE-LearningChess"]
[BlackTeam "Egri Bolyky BastyaSE"]
[WhiteTeamCountry "HUN"]
[BlackTeamCountry "HUN"]

1. e4 c5 2. Nf3 Nc6 3. Nc3 g6 4. d4 cxd4 5. Nxd4 Bg7 6. Be3 d6 7. Qd2 Nf6 8. f3
O-O 9. O-O-O a6 10. h4 Qa5 11. Kb1 Nxd4 12. Bxd4 Be6 13. Nd5 Qd8 14. h5 Bxd5
15. exd5 Rc8 16. g4 Re8 17. hxg6 fxg6 18. g5 Nh5 19. Bxg7 Nxg7 20. Qh2 Nh5 21.
Bh3 e5 22. dxe6 Qxg5 23. Qxd6 Qc5 24. Qxc5 Rxc5 25. Rd7 Nf4 26. Rxb7 Re5 27. a4
h5 28. e7 Kf7 29. Bf1 Re1+ 30. Ka2 Ne2 31. Bxe2 Rxh1 32. Bxa6 h4 33. Bd3 h3 34.
Bc4+ Kf6 35. Rb6+ Kxe7 36. Rxg6 Rh8 37. f4 h2 38. Bd5 Rd1 39. Bb7 Rd4 40. b3
h1=Q 41. Bxh1 Rxh1 42. f5 Rf1 43. Re6+ Kd7 44. Re5 Kd6 45. Re6+ Kd5 46. Re8
Rxf5 47. Ka3 Kc6 48. b4 Rf3+ 49. c3 Rxc3+ 0-1

[Event "NB II. Erkel csoport"]
[Site "Fot"]
[Date "2024.04.21"]
[Round "8.9"]
[White "Kis, Jozsef"]
[Black "Andreeva, Elena"]
[Result "1/2-1/2"]
[WhiteElo "1943"]
[BlackElo "1918"]
[PlyCount "29"]
[EventDate "2023.10.08"]
[EventType "team-tourn"]
[EventRounds "9"]
[EventCountry "HUN"]
[Source "chess.hu"]
[WhiteTeam "Egri Bolyky BastyaSE"]
[BlackTeam "Fot SE-LearningChess"]
[WhiteTeamCountry "HUN"]
[BlackTeamCountry "HUN"]

1. e4 c5 2. Nf3 d6 3. Bb5+ Bd7 4. a4 Nf6 5. Nc3 g6 6. e5 dxe5 7. Nxe5 Bg7 8.
Qf3 Qc8 9. Nd5 Nc6 10. Bxc6 Bxc6 11. Nxf6+ Bxf6 12. Nxc6 Qxc6 13. Qxc6+ bxc6
14. O-O Rb8 15. Rb1 1/2-1/2

[Event "NB II. Erkel csoport"]
[Site "Fot"]
[Date "2024.04.21"]
[Round "8.10"]
[White "Harkanyi, Adam"]
[Black "Gordos, Csaba Dr"]
[Result "1-0"]
[WhiteElo "1895"]
[BlackElo "1900"]
[PlyCount "87"]
[EventDate "2023.10.08"]
[EventType "team-tourn"]
[EventRounds "9"]
[EventCountry "HUN"]
[Source "chess.hu"]
[WhiteTeam "Fot SE-LearningChess"]
[BlackTeam "Egri Bolyky BastyaSE"]
[WhiteTeamCountry "HUN"]
[BlackTeamCountry "HUN"]

1. e4 e5 2. Nf3 Nc6 3. Bc4 Nf6 4. d3 Bc5 5. Bg5 d6 6. c3 Be6 7. Nbd2 h6 8. Bh4
Qe7 9. O-O Bxc4 10. Nxc4 O-O 11. Re1 Qe6 12. a4 a6 13. d4 exd4 14. cxd4 Qxc4
15. Bxf6 Bb4 16. Re3 gxf6 17. b3 Qe6 18. d5 Qg4 19. dxc6 bxc6 20. Nd4 Qxd1+ 21.
Rxd1 Bc5 22. Rg3+ Kh7 23. Nxc6 a5 24. Ne7 Rfe8 25. Nd5 Rec8 26. Nxf6+ Kh8 27.
Rd5 Rg8 28. Nxg8 Rxg8 29. Rxg8+ Kxg8 30. Kf1 Kg7 31. g4 Kg6 32. Ke2 Bb4 33. f4
Kf6 34. h4 Kg6 35. h5+ Kf6 36. Rf5+ Ke6 37. Kd3 f6 38. g5 fxg5 39. fxg5 hxg5
40. Rxg5 Kf6 41. Rg2 d5 42. exd5 Bf8 43. Kc4 Bh6 44. Rg6+ 1-0

[Event "NB II. Erkel csoport"]
[Site "Fot"]
[Date "2024.04.21"]
[Round "8.11"]
[White "Huszar, Andras"]
[Black "Rozsa, Sandor"]
[Result "1/2-1/2"]
[WhiteElo "1720"]
[BlackElo "1841"]
[PlyCount "44"]
[EventDate "2023.10.08"]
[EventType "team-tourn"]
[EventRounds "9"]
[EventCountry "HUN"]
[Source "chess.hu"]
[WhiteTeam "Egri Bolyky BastyaSE"]
[BlackTeam "Fot SE-LearningChess"]
[WhiteTeamCountry "HUN"]
[BlackTeamCountry "HUN"]

1. d4 d5 2. Nf3 Nf6 3. c4 dxc4 4. Nc3 a6 5. a4 Nc6 6. e4 Na5 7. Be3 e6 8. Nd2
Bb4 9. Qc2 O-O 10. Nxc4 Nxc4 11. Bxc4 b6 12. f3 Bb7 13. O-O Qe7 14. Bd3 h6 15.
Rfc1 Bxc3 16. Qxc3 Rfc8 17. b4 Nd7 18. Qb3 e5 19. d5 a5 20. bxa5 Rxa5 21. Bd2
Nc5 22. Qb4 Qd6 1/2-1/2

[Event "NB II. Erkel csoport"]
[Site "Fot"]
[Date "2024.04.21"]
[Round "8.12"]
[White "Schmelowszky, David"]
[Black "Kovacs, Kolos Rego"]
[Result "1-0"]
[WhiteElo "1828"]
[BlackElo "1484"]
[PlyCount "65"]
[EventDate "2023.10.08"]
[EventType "team-tourn"]
[EventRounds "9"]
[EventCountry "HUN"]
[Source "chess.hu"]
[WhiteTeam "Fot SE-LearningChess"]
[BlackTeam "Egri Bolyky BastyaSE"]
[WhiteTeamCountry "HUN"]
[BlackTeamCountry "HUN"]

1. e4 e5 2. Nf3 Nc6 3. Bc4 Bc5 4. O-O Nf6 5. d3 h6 6. c3 d5 7. exd5 Nxd5 8. Re1
Bg4 9. d4 Nb6 10. Bb5 Be7 11. h3 Bxf3 12. Qxf3 O-O 13. Bxc6 bxc6 14. Rxe5 Bd6
15. Re2 Re8 16. b3 Nd5 17. Bd2 Qd7 18. c4 Rxe2 19. Qxe2 Re8 20. Qd1 Nf6 21. Be3
c5 22. Nc3 cxd4 23. Bxd4 c5 24. Bxf6 gxf6 25. Nd5 Kg7 26. Qf3 Qe6 27. g3 Qe5
28. Rd1 Qg5 29. h4 Qe5 30. Ne3 Kg6 31. h5+ Qxh5 32. Qxh5+ Kxh5 33. Rxd6 1-0

[Event "NB II. Erkel csoport"]
[Site "Eger"]
[Date "2024.05.12"]
[Round "9.1"]
[White "Vegh, Endre"]
[Black "Boricsev, Oleg"]
[Result "1/2-1/2"]
[WhiteElo "2169"]
[BlackElo "2189"]
[PlyCount "22"]
[EventDate "2023.10.08"]
[EventType "team-tourn"]
[EventRounds "9"]
[EventCountry "HUN"]
[Source "chess.hu"]
[WhiteTeam "Dunaharaszti MTK II."]
[BlackTeam "Egri Bolyky BastyaSE"]
[WhiteTeamCountry "HUN"]
[BlackTeamCountry "HUN"]

1. d4 d5 2. c4 e6 3. Nc3 c5 4. cxd5 exd5 5. Nf3 Nc6 6. g3 Nf6 7. Bg2 Be7 8. O-O
O-O 9. Bg5 c4 10. Ne5 Be6 11. Nxc6 bxc6 1/2-1/2

[Event "NB II. Erkel csoport"]
[Site "Eger"]
[Date "2024.05.12"]
[Round "9.2"]
[White "Huszar, Mark"]
[Black "Markos, Adam"]
[Result "1/2-1/2"]
[WhiteElo "2094"]
[BlackElo "2088"]
[PlyCount "56"]
[EventDate "2023.10.08"]
[EventType "team-tourn"]
[EventRounds "9"]
[EventCountry "HUN"]
[Source "chess.hu"]
[WhiteTeam "Egri Bolyky BastyaSE"]
[BlackTeam "Dunaharaszti MTK II."]
[WhiteTeamCountry "HUN"]
[BlackTeamCountry "HUN"]

1. e4 c6 2. d4 d5 3. Nc3 dxe4 4. Nxe4 Nf6 5. Nxf6+ exf6 6. Bc4 Bd6 7. Qe2+ Be7
8. Be3 O-O 9. O-O-O Na6 10. Nh3 b5 11. Bb3 Nc7 12. d5 cxd5 13. Nf4 Be6 14. Qh5
Qc8 15. h3 Rd8 16. Nxd5 Nxd5 17. Bxd5 Bxd5 18. Rxd5 Qc4 19. Rxd8+ Rxd8 20. Kb1
a6 21. Rd1 Rc8 22. Qf5 g6 23. Qd3 Qc6 24. f3 Rd8 25. Qe2 Re8 26. Qd3 Rd8 27.
Qe2 Re8 28. Qd3 Rd8 1/2-1/2

[Event "NB II. Erkel csoport"]
[Site "Eger"]
[Date "2024.05.12"]
[Round "9.3"]
[White "Szekeres, Tibor"]
[Black "Huszar, Lorant"]
[Result "1-0"]
[WhiteElo "2021"]
[BlackElo "1982"]
[PlyCount "83"]
[EventDate "2023.10.08"]
[EventType "team-tourn"]
[EventRounds "9"]
[EventCountry "HUN"]
[Source "chess.hu"]
[WhiteTeam "Dunaharaszti MTK II."]
[BlackTeam "Egri Bolyky BastyaSE"]
[WhiteTeamCountry "HUN"]
[BlackTeamCountry "HUN"]

1. Nf3 Nf6 2. e3 d5 3. b3 g6 4. Bb2 Bg7 5. Be2 O-O 6. O-O Nbd7 7. d4 c6 8. Nbd2
Re8 9. c4 Qb6 10. Qc2 Nf8 11. a4 Bf5 12. Bd3 Bxd3 13. Qxd3 a5 14. Rab1 Rad8 15.
Bc3 N6d7 16. cxd5 cxd5 17. b4 e5 18. bxa5 Qc6 19. dxe5 Nxe5 20. Nxe5 Bxe5 21.
Bxe5 Rxe5 22. Qb5 Ra8 23. Nf3 Re7 24. Rfd1 Ne6 25. Rxd5 Qc3 26. Qb3 Rc7 27. h3
Qxb3 28. Rxb3 Rc4 29. Rxb7 Rxa4 30. Ne5 f6 31. Nd7 f5 32. Nf6+ Kf8 33. Nxh7+
Kg8 34. Nf6+ Kf8 35. Rdd7 Nd8 36. Nh7+ Kg8 37. Rg7+ Kh8 38. Rbd7 Ne6 39. Rxg6
Nc5 40. Rf7 Ne4 41. Nf8 Rxf8 42. Rxf8+ 1-0

[Event "NB II. Erkel csoport"]
[Site "Eger"]
[Date "2024.05.12"]
[Round "9.4"]
[White "Kovacs, Daniel"]
[Black "Szollosi, Laszlo"]
[Result "0-1"]
[WhiteElo "1996"]
[BlackElo "2042"]
[PlyCount "48"]
[EventDate "2023.10.08"]
[EventType "team-tourn"]
[EventRounds "9"]
[EventCountry "HUN"]
[Source "chess.hu"]
[WhiteTeam "Egri Bolyky BastyaSE"]
[BlackTeam "Dunaharaszti MTK II."]
[WhiteTeamCountry "HUN"]
[BlackTeamCountry "HUN"]

1. e4 e6 2. a3 d5 3. e5 f6 4. d4 c5 5. c3 Nc6 6. f4 Nh6 7. Nf3 cxd4 8. cxd4 Be7
9. Bd3 Qb6 10. Nc3 a5 11. f5 Nf7 12. fxe6 Bxe6 13. exf6 Bxf6 14. Na4 Qc7 15.
Nc5 Bg4 16. Bb5 O-O 17. Bxc6 Qxc6 18. O-O Rae8 19. h3 Bh5 20. g4 Bg6 21. Bd2 b6
22. Qa4 Qd6 23. Nd7 Qg3+ 24. Kh1 Re2 0-1

[Event "NB II. Erkel csoport"]
[Site "Eger"]
[Date "2024.05.12"]
[Round "9.5"]
[White "Kovacs, Istvan"]
[Black "Domany, Mihaly"]
[Result "1-0"]
[WhiteElo "2065"]
[BlackElo "2046"]
[PlyCount "67"]
[EventDate "2023.10.08"]
[EventType "team-tourn"]
[EventRounds "9"]
[EventCountry "HUN"]
[Source "chess.hu"]
[WhiteTeam "Dunaharaszti MTK II."]
[BlackTeam "Egri Bolyky BastyaSE"]
[WhiteTeamCountry "HUN"]
[BlackTeamCountry "HUN"]

1. d4 f5 2. c4 g6 3. Nc3 Nf6 4. Nf3 d6 5. g3 Bg7 6. Bg2 O-O 7. O-O Nc6 8. d5
Ne5 9. Nxe5 dxe5 10. Bg5 h6 11. Bxf6 Rxf6 12. e4 f4 13. c5 g5 14. Rc1 Kh7 15.
b4 a6 16. a4 Bd7 17. Rc2 Qe8 18. Rd2 Qg6 19. d6 exd6 20. Nd5 Rf7 21. Nxc7 Bxa4
22. Qxa4 Rxc7 23. Rxd6 Qh5 24. Rfd1 f3 25. Bf1 Qg4 26. h3 Qc8 27. Qa5 Qb8 28.
Rd8 Rc8 29. R8d7 Rc6 30. Qa2 Rg6 31. Qd5 b6 32. c6 Qc8 33. c7 Ra7 34. Rd8 1-0

[Event "NB II. Erkel csoport"]
[Site "Eger"]
[Date "2024.05.12"]
[Round "9.6"]
[White "Vajda, Albert Sr"]
[Black "Fodre, Sandor"]
[Result "1-0"]
[WhiteElo "2041"]
[BlackElo "1923"]
[PlyCount "59"]
[EventDate "2023.10.08"]
[EventType "team-tourn"]
[EventRounds "9"]
[EventCountry "HUN"]
[Source "chess.hu"]
[WhiteTeam "Egri Bolyky BastyaSE"]
[BlackTeam "Dunaharaszti MTK II."]
[WhiteTeamCountry "HUN"]
[BlackTeamCountry "HUN"]

1. e4 d5 2. exd5 Qxd5 3. Nc3 Qd6 4. d4 Nf6 5. Nf3 Bg4 6. Be3 e6 7. Be2 c6 8.
O-O Nbd7 9. Qd2 Nb6 10. Bf4 Qd8 11. Rad1 Be7 12. Ne5 Bxe2 13. Qxe2 O-O 14. Rd3
Nbd5 15. Bc1 Nxc3 16. bxc3 Qd5 17. c4 Qe4 18. Qd2 Rad8 19. Re1 Qf5 20. Qe2 h5
21. Rf3 Qh7 22. c3 Ng4 23. Nxf7 Rxf7 24. Rxf7 Bd6 25. Qxe6 Bxh2+ 26. Kh1 Kh8
27. Qe8+ Qg8 28. Qxg8+ Rxg8 29. g3 Nxf2+ 30. Kxh2 1-0

[Event "NB II. Erkel csoport"]
[Site "Eger"]
[Date "2024.05.12"]
[Round "9.7"]
[White "Lengyel, Andrea"]
[Black "Botos, Krisztian"]
[Result "0-1"]
[WhiteElo "1904"]
[BlackElo "1949"]
[PlyCount "84"]
[EventDate "2023.10.08"]
[EventType "team-tourn"]
[EventRounds "9"]
[EventCountry "HUN"]
[Source "chess.hu"]
[WhiteTeam "Dunaharaszti MTK II."]
[BlackTeam "Egri Bolyky BastyaSE"]
[WhiteTeamCountry "HUN"]
[BlackTeamCountry "HUN"]

1. d4 d5 2. c4 c6 3. Bf4 e6 4. e3 Bd6 5. Bg3 h5 6. Nf3 h4 7. Be5 f6 8. Bxd6
Qxd6 9. Bd3 Ne7 10. Nc3 a6 11. c5 Qc7 12. Qc2 b6 13. Na4 Nd7 14. b4 b5 15. Nc3
a5 16. bxa5 Qxa5 17. O-O g5 18. g3 hxg3 19. hxg3 e5 20. e4 b4 21. Ne2 Qa3 22.
dxe5 Ba6 23. Rfd1 dxe4 24. Bxe4 f5 25. Bd3 g4 26. Nfd4 Nxe5 27. Nf4 Rd8 28.
Bxa6 Rxd4 29. Bd3 Nf3+ 30. Kf1 Rh1+ 31. Kg2 Rh2+ 32. Kf1 Rxf4 33. gxf4 g3 34.
fxg3 Rxc2 35. Bxc2 Qc3 36. Rac1 Nd4 37. Bd3 Qb2 38. Rb1 Qh2 39. Bc4 Nc2 40. Rb3
Qh1+ 41. Ke2 Qe4+ 42. Kf2 Qxc4 0-1

[Event "NB II. Erkel csoport"]
[Site "Eger"]
[Date "2024.05.12"]
[Round "9.8"]
[White "Kis, Jozsef"]
[Black "Monduk, Ferenc"]
[Result "1-0"]
[WhiteElo "1941"]
[BlackElo "1885"]
[PlyCount "95"]
[EventDate "2023.10.08"]
[EventType "team-tourn"]
[EventRounds "9"]
[EventCountry "HUN"]
[Source "chess.hu"]
[WhiteTeam "Egri Bolyky BastyaSE"]
[BlackTeam "Dunaharaszti MTK II."]
[WhiteTeamCountry "HUN"]
[BlackTeamCountry "HUN"]

1. e4 e6 2. d4 d5 3. Nc3 Nf6 4. e5 Nfd7 5. f4 c5 6. Nf3 Nc6 7. Be3 a6 8. Qd2 b5
9. Be2 cxd4 10. Nxd4 Nxd4 11. Bxd4 Bc5 12. Bxc5 Nxc5 13. Qd4 Qc7 14. Bd3 Nxd3+
15. cxd3 Bb7 16. O-O O-O 17. Rac1 Qd7 18. Ne4 Rac8 19. Nd6 Rc6 20. Qa7 Bc8 21.
Qa8 Rc7 22. Qb8 Rc6 23. d4 h6 24. Rc5 Rxc5 25. dxc5 Qc6 26. Qb6 Bd7 27. b4 g6
28. g4 Kh7 29. h4 h5 30. g5 Kg7 31. Rc1 Kg8 32. Kf2 Kg7 33. Ke2 Ra8 34. Nb7 Rb8
35. Qxc6 Bxc6 36. Na5 Rc8 37. Kd3 Kf8 38. Kd4 Ke8 39. Nxc6 Rxc6 40. Ra1 Kd8 41.
Rg1 a5 42. a4 bxa4 43. b5 Rc8 44. c6 Kc7 45. Kc5 Rb8 46. Ra1 d4 47. Rxa4 d3 48.
Rd4 1-0

[Event "NB II. Erkel csoport"]
[Site "Eger"]
[Date "2024.05.12"]
[Round "9.9"]
[White "Frank, Jozsef"]
[Black "Gordos, Csaba Dr"]
[Result "1/2-1/2"]
[WhiteElo "1862"]
[BlackElo "1890"]
[PlyCount "27"]
[EventDate "2023.10.08"]
[EventType "team-tourn"]
[EventRounds "9"]
[EventCountry "HUN"]
[Source "chess.hu"]
[WhiteTeam "Dunaharaszti MTK II."]
[BlackTeam "Egri Bolyky BastyaSE"]
[WhiteTeamCountry "HUN"]
[BlackTeamCountry "HUN"]

1. d4 d5 2. Nf3 Nf6 3. g3 e6 4. Bg2 c5 5. c3 Nc6 6. O-O cxd4 7. Nxd4 Nxd4 8.
Qxd4 Be7 9. Bg5 O-O 10. Nd2 b6 11. e4 Bb7 12. exd5 Bxd5 13. Bxd5 Nxd5 14. Bxe7
1/2-1/2

[Event "NB II. Erkel csoport"]
[Site "Eger"]
[Date "2024.05.12"]
[Round "9.10"]
[White "Huszar, Andras"]
[Black "Botos, Jozsef"]
[Result "1/2-1/2"]
[WhiteElo "1749"]
[BlackElo "1872"]
[PlyCount "44"]
[EventDate "2023.10.08"]
[EventType "team-tourn"]
[EventRounds "9"]
[EventCountry "HUN"]
[Source "chess.hu"]
[WhiteTeam "Egri Bolyky BastyaSE"]
[BlackTeam "Dunaharaszti MTK II."]
[WhiteTeamCountry "HUN"]
[BlackTeamCountry "HUN"]

1. d4 d5 2. Nf3 Nf6 3. c4 e6 4. Nc3 Nbd7 5. e3 c6 6. Bd3 Bd6 7. e4 dxe4 8. Nxe4
Nxe4 9. Bxe4 O-O 10. Ng5 Bb4+ 11. Bd2 Bxd2+ 12. Qxd2 h6 13. h4 Nf6 14. Bc2 Re8
15. Ne4 e5 16. Nxf6+ Qxf6 17. O-O-O exd4 18. Qxd4 Qxd4 19. Rxd4 Be6 20. b3 Rad8
21. Rxd8 Rxd8 22. Rd1 Rxd1+ 1/2-1/2

[Event "NB II. Erkel csoport"]
[Site "Eger"]
[Date "2024.05.12"]
[Round "9.11"]
[White "Farkas, Sara"]
[Black "Kovacs, Rebeka Zsofia"]
[Result "1-0"]
[WhiteElo "1760"]
[BlackElo "1587"]
[PlyCount "169"]
[EventDate "2023.10.08"]
[EventType "team-tourn"]
[EventRounds "9"]
[EventCountry "HUN"]
[Source "chess.hu"]
[WhiteTeam "Dunaharaszti MTK II."]
[BlackTeam "Egri Bolyky BastyaSE"]
[WhiteTeamCountry "HUN"]
[BlackTeamCountry "HUN"]

1. d4 Nf6 2. c4 g6 3. Nf3 Bg7 4. Nc3 O-O 5. e4 d6 6. Be2 Nbd7 7. O-O b6 8. Qc2
e5 9. d5 a6 10. Rd1 Bb7 11. h3 Qe8 12. Be3 Rb8 13. b4 Qe7 14. Qd2 Rfc8 15. b5
axb5 16. cxb5 Nc5 17. Bxc5 bxc5 18. a4 Ra8 19. a5 Ra7 20. Ne1 Rca8 21. a6 Bc8
22. Nd3 Bd7 23. Nb2 Rb8 24. Rdb1 Be8 25. Nc4 Qd8 26. Na5 Rb6 27. Nb7 Qb8 28. f3
Bd7 29. Na4 Rbxb7 30. axb7 Rxb7 31. Nc3 Ne8 32. Ra6 Rb6 33. Rba1 Qd8 34. Ra8
Rb8 35. Rxb8 Qxb8 36. Ra5 f5 37. Qa2 Qd8 38. Ra8 Qh4 39. Qb1 Qf4 40. Qc2 Kf7
41. Ra7 Ke7 42. Na4 Kd8 43. Ra8+ Ke7 44. b6 cxb6 45. Nxb6 fxe4 46. Nxd7 exf3
47. Bb5 Qd4+ 48. Qf2 Qxf2+ 49. Kxf2 Nc7 50. Rb8 c4 51. Bc6 c3 52. Rb4 h5 53.
gxf3 Na6 54. Rc4 g5 55. Rxc3 Kf7 56. Rc1 Bf8 57. Nxf8 Kxf8 58. Rg1 g4 59. hxg4
hxg4 60. Rxg4 Nc5 61. Rc4 Ke7 62. Rxc5 dxc5 63. Ke3 c4 64. Kd2 Kd6 65. Kc3 Kc5
66. Bb7 Kb6 67. Kxc4 Kxb7 68. Kc5 Kc7 69. d6+ Kd7 70. Kd5 e4 71. fxe4 Kd8 72.
e5 Kd7 73. e6+ Ke8 74. Kc6 Kd8 75. d7 Ke7 76. Kc7 Kxe6 77. d8=Q Kf5 78. Qe7 Kf4
79. Kd6 Kf5 80. Qe3 Kg6 81. Qf4 Kg7 82. Ke6 Kh7 83. Qg5 Kh8 84. Kf7 Kh7 85.
Qg7# 1-0

[Event "NB II. Erkel csoport"]
[Site "Eger"]
[Date "2024.05.12"]
[Round "9.12"]
[White "Kovacs, Kolos Rego"]
[Black "Czibula, Istvan"]
[Result "1/2-1/2"]
[WhiteElo "1512"]
[BlackElo "1565"]
[PlyCount "63"]
[EventDate "2023.10.08"]
[EventType "team-tourn"]
[EventRounds "9"]
[EventCountry "HUN"]
[Source "chess.hu"]
[WhiteTeam "Egri Bolyky BastyaSE"]
[BlackTeam "Dunaharaszti MTK II."]
[WhiteTeamCountry "HUN"]
[BlackTeamCountry "HUN"]

1. e4 d5 2. exd5 Qxd5 3. Nc3 Qd8 4. d4 Bf5 5. Nf3 e6 6. Bd3 Bg6 7. Bf4 c6 8.
O-O Bd6 9. Bxd6 Qxd6 10. Qd2 Nf6 11. h3 Nbd7 12. Rfe1 O-O-O 13. Ne4 Nxe4 14.
Bxe4 Bxe4 15. Rxe4 Nf6 16. Re2 h6 17. Rd1 g5 18. Ne5 Rh7 19. Qd3 Rg7 20. Qf3
Qe7 21. Ng4 Nxg4 22. Qxg4 Qc7 23. Re3 Qf4 24. Qxf4 gxf4 25. Rf3 Rdg8 26. Rxf4
Rxg2+ 27. Kh1 f5 28. Re1 Kd7 29. Rh4 R2g6 30. c4 Kd6 31. c5+ Kd7 32. b4 1/2-1/2